[Event "68. BEM 2014"]
[Site "Dortmund"]
[Date "2014.02.13"]
[Round "9.6"]
[White "Rauschenbusch, Udo"]
[Black "Brohl, Thomas"]
[Result "1-0"]
[WhiteElo "1651"]
[BlackElo "1523"]
[PlyCount "39"]
[EventDate "2014.??.??"]
[Source "SG Dortmund"]
[SourceDate "2004.12.16"]

1. c4 Nf6 2. Nf3 d5 3. cxd5 Nxd5 4. e4 Nf6 5. Nc3 c5 6. Bb5+ Bd7 7. Qb3 Nc6 8.
d4 Nxd4 9. Nxd4 cxd4 10. Bc4 e6 11. Nb5 Nxe4 12. Nxd4 Qa5+ 13. Kf1 Bc5 14. Qxb7
Rd8 15. Nb3 Qb6 16. Qxe4 Bxf2 17. Bg5 Bc6 18. Qe2 Rd5 19. Bxd5 Bb5 20. Bc4 1-0

[Event "68. BEM 2014"]
[Site "Dortmund"]
[Date "2014.02.13"]
[Round "9.7"]
[White "Duschek, Günter"]
[Black "Reinacher, Detlev"]
[Result "1/2-1/2"]
[WhiteElo "1482"]
[BlackElo "1532"]
[PlyCount "29"]
[EventDate "2014.??.??"]
[Source "SG Dortmund"]
[SourceDate "2004.12.16"]

1. d4 Nf6 2. Bf4 d6 3. Nf3 g6 4. e3 Bg7 5. c3 c6 6. Nbd2 Nbd7 7. Be2 O-O 8. h4
Re8 9. Nh2 e5 10. Bg5 Qc7 11. Bxf6 Bxf6 12. h5 e4 13. hxg6 fxg6 14. Ng4 Bg7 15.
Qc2 1/2-1/2

[Event "68. BEM 2014"]
[Site "Dortmund"]
[Date "2014.02.13"]
[Round "9.8"]
[White "Zabel, Reinhard"]
[Black "Kartsev, Nikolaj"]
[Result "0-1"]
[WhiteElo "1498"]
[BlackElo "1519"]
[PlyCount "86"]
[EventDate "2014.??.??"]
[Source "SG Dortmund"]
[SourceDate "2004.12.16"]

1. e4 c5 2. c3 Nf6 3. e5 Nd5 4. d4 cxd4 5. cxd4 Nc6 6. Nf3 d6 7. Nc3 Ndb4 8.
Bb5 a6 9. Ba4 b5 10. Bb3 Na5 11. Bd5 Nxd5 12. Nxd5 dxe5 13. dxe5 e6 14. Ne3
Qxd1+ 15. Nxd1 Bb7 16. Ke2 Nc4 17. Ne3 Bxf3+ 18. Kxf3 Nxe5+ 19. Ke2 Bc5 20. b3
Bd4 21. Rb1 O-O 22. Bb2 Rfd8 23. Rhd1 Bxb2 24. Rxb2 Rxd1 25. Nxd1 Rd8 26. h3
Nc6 27. Nc3 e5 28. Ne4 Rd5 29. Ke3 f5 30. Nc3 Rc5 31. Ne2 g5 32. f3 Nb4 33. g4
Nc2+ 34. Kd3 Ne1+ 35. Ke3 f4+ 36. Ke4 Kf7 37. Rd2 Ke6 38. Rd1 Ng2 39. Rd2 Ne1
40. Rd1 Ng2 41. Rd2 Ne3 42. Rb2 Nd1 43. Ng1 Nxb2 0-1

[Event "68. BEM 2014"]
[Site "Dortmund"]
[Date "2014.02.13"]
[Round "9.9"]
[White "Krug, Roland"]
[Black "Benke, Werner"]
[Result "1-0"]
[WhiteElo "1767"]
[BlackElo "1555"]
[PlyCount "119"]
[EventDate "2014.??.??"]
[Source "SG Dortmund"]
[SourceDate "2004.12.16"]

1. d4 d5 2. c4 c6 3. Nf3 Nf6 4. Nc3 g6 5. Bg5 Bg7 6. e3 O-O 7. Bd3 Nbd7 8. O-O
Re8 9. cxd5 cxd5 10. Rc1 a6 11. a4 b6 12. Qe2 Bb7 13. h3 h6 14. Bf4 Nf8 15. Na2
Ne6 16. Bh2 Qd7 17. b3 Rec8 18. Ne5 Qe8 19. Rxc8 Bxc8 20. Rc1 Bb7 21. Nb4 Rc8
22. Qb2 Rxc1+ 23. Qxc1 a5 24. Bb5 Qc8 25. Qxc8+ Bxc8 26. Nbc6 Kf8 27. Nb8 Ne4
28. Ned7+ Bxd7 29. Nxd7+ Kg8 30. Bd3 Nd2 31. Bc2 Nd8 32. Nxb6 e6 33. Nd7 Nc6
34. Bd6 f5 35. f4 Kf7 36. Kf2 Ke8 37. Ne5 Bxe5 38. fxe5 Kd7 39. Ke2 Ne4 40.
Bxe4 dxe4 41. Bc5 Nb8 42. Bf8 h5 43. b4 axb4 44. Bxb4 Na6 45. Bd6 Kc6 46. h4
Kd5 47. Kf2 f4 48. exf4 Kxd4 49. Ke2 e3 50. g3 Ke4 51. a5 Kd4 52. Ba3 Ke4 53.
Bc1 Kf5 54. Bxe3 Kg4 55. Kf2 Nb4 56. Kg2 Na6 57. Bb6 Nb8 58. Bc7 Na6 59. Bd6
Kf5 60. Kf3 1-0

[Event "68. BEM 2014"]
[Site "Dortmund"]
[Date "2014.02.13"]
[Round "9.10"]
[White "Pachura, Karl-Heinz"]
[Black "Raskin, Vitali"]
[Result "1-0"]
[WhiteElo "1396"]
[BlackElo "1619"]
[PlyCount "127"]
[EventDate "2014.??.??"]
[Source "SG Dortmund"]
[SourceDate "2004.12.16"]

1. e4 e5 2. Nf3 Nc6 3. Bb5 Nf6 4. Bxc6 dxc6 5. O-O Bd6 6. d3 Bg4 7. Be3 c5 8.
Nbd2 b5 9. Bg5 h6 10. Bh4 O-O 11. h3 Bh5 12. Qc1 Re8 13. Nh2 g5 14. Bg3 Bg6 15.
Qd1 Nh5 16. Nhf3 Nxg3 17. fxg3 Qd7 18. g4 Qc6 19. Kh1 Qd7 20. Nh2 Rab8 21. Qe2
Bf8 22. b3 Qd4 23. Ndf3 Qc3 24. Rab1 Qa5 25. Rfc1 b4 26. Nf1 Qb6 27. Ng3 Qf6
28. Rf1 Qd8 29. Nd2 Rb6 30. Nc4 Ra6 31. Ra1 Rf6 32. Rxf6 Qxf6 33. Rf1 Qa6 34.
Ra1 Re6 35. a4 Bg7 36. Ne3 Qc8 37. Nd5 c6 38. Ne3 Rf6 39. Ngf5 Bf8 40. Rf1 Bxf5
41. Nxf5 Qe6 42. Kh2 Kh7 43. Ne3 Rf4 44. Rxf4 exf4 45. Nf5 Qe5 46. Kg1 Qa1+ 47.
Kf2 c4 48. dxc4 Bc5+ 49. Kf3 Qc3+ 50. Qd3 Qe1 51. Qe2 Qg1 52. e5 a5 53. h4 Qh2
54. e6 Qg1 55. e7 Bxe7 56. Nxe7 Kg7 57. h5 Qc5 58. Nf5+ Kf8 59. Qd3 Ke8 60.
Qe4+ Kd7 61. Qd4+ Qxd4 62. Nxd4 Kd6 63. Ke4 Kd7 64. Nf5 1-0

[Event "68. BEM 2014"]
[Site "Dortmund"]
[Date "2014.02.13"]
[Round "9.11"]
[White "Jentzsch, Werner Wilfried"]
[Black "Kawka, Bogdan"]
[Result "1/2-1/2"]
[WhiteElo "1337"]
[BlackElo "1118"]
[PlyCount "75"]
[EventDate "2014.??.??"]
[Source "SG Dortmund"]
[SourceDate "2004.12.16"]

1. d4 d5 2. Nc3 e6 3. Bf4 Bb4 4. a3 Bd6 5. Qd2 c6 6. Nf3 Nf6 7. Bg5 Nbd7 8. e3
e5 9. dxe5 Nxe5 10. Nxe5 Bxe5 11. Be2 O-O 12. O-O-O b5 13. f4 Bd6 14. e4 Be7
15. Bxf6 Bxf6 16. exd5 Qc7 17. d6 Qa5 18. d7 Bxd7 19. Ne4 Qxd2+ 20. Rxd2 Rfd8
21. Nxf6+ gxf6 22. Rhd1 Re8 23. Bxb5 cxb5 24. Rxd7 Re2 25. R7d2 Rae8 26. g4
R2e4 27. Rd4 Kg7 28. h4 h6 29. c3 Re2 {(=)} 30. f5 h5 31. gxh5 Rf2 32. Rd5 a6
33. Rg1+ Kh6 34. Rd7 Ree2 35. Rd8 Kh7 36. Rd7 Kh6 37. Rd8 Kh7 38. Rd7 {(=)}
1/2-1/2

[Event "68. BEM 2014"]
[Site "Dortmund"]
[Date "2014.02.13"]
[Round "9.12"]
[White "Sobottka, Hans-Gerald"]
[Black "Busse, Siegfried"]
[Result "1/2-1/2"]
[WhiteElo "876"]
[BlackElo "1284"]
[PlyCount "27"]
[EventDate "2014.??.??"]
[Source "SG Dortmund"]
[SourceDate "2004.12.16"]

1. c4 e5 2. e4 Nf6 3. Nc3 c6 4. Nf3 d6 5. g3 Be7 6. Bg2 Be6 7. d3 h6 8. O-O Qc8
9. Re1 Bg4 10. Re3 Nh7 11. Re1 Ng5 12. Kf1 Nh3 13. Ne2 Qe6 14. Neg1 1/2-1/2

[Event "68. BEM 2014"]
[Site "Dortmund"]
[Date "2014.02.13"]
[Round "9.13"]
[White "Wilkins, Petra"]
[Black "Grawe, Herbert"]
[Result "0-1"]
[WhiteElo "942"]
[BlackElo "1463"]
[PlyCount "78"]
[EventDate "2014.??.??"]
[Source "SG Dortmund"]
[SourceDate "2004.12.16"]

1. d4 Nc6 2. Nf3 e6 3. g3 Nce7 4. Bg2 Ng6 5. O-O Nf6 6. Nbd2 d5 7. b3 Bd6 8.
Bb2 O-O 9. c4 c6 10. c5 Bc7 11. Re1 h6 12. e4 Nd7 13. e5 b6 14. b4 Rb8 15. Bc1
a5 16. a3 Ba6 17. h4 Bd3 18. h5 Ne7 19. Nb3 Bh7 20. Nh4 f5 21. g4 f4 22. f3 Qe8
23. Bh3 Qf7 24. Kh2 g6 25. Rg1 gxh5 26. gxh5+ Kh8 27. Bg4 Rg8 28. Kh3 Nf5 29.
Ra2 Nxh4 30. Kxh4 Bd8+ 31. Kh3 Bf5 32. Qd2 Qxh5+ 33. Kg2 Bxg4 34. Kf1 Bh3+ 35.
Kf2 Bh4+ 36. Ke2 Rxg1 37. Qxf4 Bf1+ 38. Kd1 Bd3+ 39. Kd2 Bg5 0-1

[Event "68. BEM 2014"]
[Site "Dortmund"]
[Date "2014.02.13"]
[Round "9.14"]
[White "Schlettig, Hans-Joachim"]
[Black "Schmidt, Andreas N"]
[Result "1-0"]
[WhiteElo "1183"]
[BlackElo "984"]
[PlyCount "49"]
[EventDate "2014.??.??"]
[Source "SG Dortmund"]
[SourceDate "2004.12.16"]

1. d4 d5 2. c4 Nf6 3. Nc3 Bf5 4. Nf3 dxc4 5. e3 Nc6 6. Bxc4 Nb4 7. O-O e6 8.
Ne1 Bd6 9. a3 Nc6 10. Qb3 Rb8 11. Nf3 a6 12. Qd1 O-O 13. b4 b5 14. Ba2 Re8 15.
Bb2 h6 16. d5 exd5 17. Nxd5 Ne4 18. Rc1 Bg4 19. Rxc6 Bxf3 20. Qxf3 Nd2 21. Nf6+
Kh8 22. Qg4 gxf6 23. Qh4 Qd7 24. Qxf6+ Kg8 25. Qg7# 1-0

[Event "68. BEM 2014"]
[Site "Dortmund"]
[Date "2014.02.13"]
[Round "9.16"]
[White "Reker, Gerhard"]
[Black "Wangrin, Stefan A"]
[Result "0-1"]
[WhiteElo "890"]
[BlackElo "1323"]
[PlyCount "42"]
[EventDate "2014.??.??"]
[Source "SG Dortmund"]
[SourceDate "2004.12.16"]

1. e4 Nc6 2. Nc3 e6 3. Nf3 Bc5 4. Bb5 a6 5. Bxc6 bxc6 6. O-O Nf6 7. d4 Bb6 8.
e5 Nd5 9. Bg5 f6 10. Nxd5 cxd5 11. Bf4 fxe5 $4 12. Bxe5 $4 (12. Bg5 $18) 12...
O-O 13. Qd2 Rf5 14. Qe2 a5 15. g3 Ba6 16. Qe1 Bxf1 17. Qxf1 Rxf3 18. Qe2 Rf5
19. Qg4 Qg5 20. Qe2 Raf8 21. Bf4 Rxf4 0-1

[Event "67. BEM 2013"]
[Site "Dortmund"]
[Date "2013.02.18"]
[Round "1.1"]
[White "Raskin, Vitali"]
[Black "Kohlweyer, Bernd"]
[Result "0-1"]
[WhiteElo "1671"]
[BlackElo "2434"]
[PlyCount "124"]
[EventDate "2013.??.??"]
[Source "SG Dortmund"]
[SourceDate "2004.12.16"]

1. d4 Nf6 2. c4 g6 3. Nc3 d5 4. cxd5 Nxd5 5. e4 Nxc3 6. bxc3 Bg7 7. Nf3 c5 8.
Bb5+ Nc6 9. O-O O-O 10. Qa4 cxd4 11. Bxc6 bxc6 12. cxd4 c5 13. Be3 Bd7 14. Qc2
Rc8 15. dxc5 Bxa1 16. Rxa1 f6 17. Rd1 Qc7 18. Qc4+ Kg7 19. h3 e5 20. Qc1 Rfd8
21. Qc4 Qc6 22. Qd5 Be6 23. Qxd8 Rxd8 24. Rxd8 Qxe4 25. Nd2 Qa4 26. Rd6 Kf7 27.
c6 Qxa2 28. Kh2 Qa5 29. Ne4 Qc7 30. Bc5 h6 31. Nd2 Qa5 32. Be3 f5 33. Bxh6 Qc7
34. Nc4 Bxc4 35. Rd7+ Qxd7 36. cxd7 Ke7 37. Bg7 e4 38. Be5 Kxd7 39. g4 Ke6 40.
Bd4 a5 41. gxf5+ Kxf5 42. Kg3 Be2 43. h4 a4 44. Bb2 Bd3 45. Ba3 Ke5 46. Kg4 Kd4
47. Kg5 Kc4 48. Bb2 Kb3 49. Bd4 a3 50. h5 gxh5 51. Kxh5 Be2+ 52. Kg5 Bf3 53.
Kf4 a2 54. Ke3 Kc2 55. Bf6 Kb1 56. Kd2 a1=Q 57. Bxa1 Kxa1 58. Kc2 Ka2 59. Kc1
Kb3 60. Kd2 Kb2 61. Ke1 Kc1 62. Kf1 Kd2 0-1

[Event "67. BEM 2013"]
[Site "Dortmund"]
[Date "2013.02.18"]
[Round "1.2"]
[White "Schmittdiel, Eckhard"]
[Black "Büdel, Jürgen"]
[Result "1-0"]
[WhiteElo "2361"]
[BlackElo "1637"]
[PlyCount "75"]
[EventDate "2013.??.??"]
[Source "SG Dortmund"]
[SourceDate "2004.12.16"]

1. Nf3 Nf6 2. g3 g6 3. b3 Bg7 4. Bg2 c5 5. O-O Nc6 6. Bb2 O-O 7. e3 d5 8. Qe2
Bf5 9. d3 Qd7 10. Re1 Bg4 11. Qf1 Qc7 12. h3 Bxf3 13. Bxf3 e5 14. Nd2 Rad8 15.
Bg2 Nb4 16. Rec1 b5 17. Qe2 d4 18. Nf1 Nbd5 19. e4 Ne7 20. Nd2 Nh5 21. c3 Qb6
22. cxd4 exd4 23. Rc2 Rfe8 24. Qf1 Rc8 25. Rac1 Bh6 26. Qd1 Qd6 27. Ba3 Be3 28.
fxe3 Qxg3 29. Nf1 Qg5 30. Bxc5 Rxc5 31. Rxc5 f5 32. Qg4 Qh6 33. exf5 dxe3 34.
f6 Nxf6 35. Qe6+ Kg7 36. Rc7 Qf4 37. Rxe7+ Rxe7 38. Qxe7+ 1-0

[Event "67. BEM 2013"]
[Site "Dortmund"]
[Date "2013.02.18"]
[Round "1.3"]
[White "Rzoczek, Christoph"]
[Black "Zelt, Jens"]
[Result "0-1"]
[WhiteElo "1513"]
[BlackElo "2066"]
[PlyCount "80"]
[EventDate "2013.??.??"]
[Source "SG Dortmund"]
[SourceDate "2004.12.16"]

1. d4 d6 2. Nf3 c6 3. e3 Nf6 4. Bc4 h6 5. O-O Bg4 6. Nbd2 Nbd7 7. Re1 e5 8. h3
Bh5 9. Be2 Be7 10. c4 O-O 11. Nh2 Bxe2 12. Qxe2 Re8 13. Ng4 exd4 14. Nxf6+ Bxf6
15. e4 Nc5 16. Qg4 Nd3 17. Rf1 Qc8 18. Qg3 Ne5 19. f4 Ng6 20. c5 dxc5 21. e5
Bh4 22. Qf3 f5 23. Nc4 Be7 24. g4 Rf8 25. g5 Qe6 26. gxh6 Qxc4 27. h7+ Kh8 28.
Rf2 Nh4 29. Qg3 Qe6 30. Bd2 Qg6 31. Kh2 Qxg3+ 32. Kxg3 Kxh7 33. b4 Ng6 34. Kf3
cxb4 35. Rg1 Nh4+ 36. Ke2 a5 37. Kd3 b5 38. Be1 c5 39. Rc2 c4+ 40. Kxd4 Nf3+
0-1

[Event "67. BEM 2013"]
[Site "Dortmund"]
[Date "2013.02.18"]
[Round "1.4"]
[White "Schiefelbusch, Dirk"]
[Black "Vogt, Christian"]
[Result "1-0"]
[WhiteElo "2061"]
[BlackElo "1494"]
[PlyCount "115"]
[EventDate "2013.??.??"]
[Source "SG Dortmund"]
[SourceDate "2004.12.16"]

1. Nf3 Nf6 2. c4 c5 3. Nc3 Nc6 4. d4 cxd4 5. Nxd4 e5 6. Ndb5 d6 7. Bg5 a6 8.
Na3 Be7 9. g3 O-O 10. Bg2 Rb8 11. O-O Bf5 12. e4 Be6 13. Rc1 h6 14. Bd2 Qc8 15.
Re1 Bg4 16. Qc2 Nd4 17. Qd3 Nd7 18. Nd5 Bd8 19. b4 b6 20. Nc2 Nc6 21. Nce3 Be6
22. Bc3 Qb7 23. Red1 Ne7 24. Rc2 Bxd5 25. cxd5 Rc8 26. Rdc1 b5 27. Bh3 Bb6 28.
Bd2 Rxc2 29. Rxc2 Bxe3 30. Bxe3 Nb6 31. Bxb6 Qxb6 32. Qc3 g6 33. Qc7 Qxc7 34.
Rxc7 Re8 35. Ra7 f5 36. Rxa6 fxe4 37. Rxd6 Kf7 38. Rb6 Rd8 39. Bg2 Nxd5 40.
Rxb5 Rd7 41. a3 Kf6 42. Bxe4 Nc3 43. Rb6+ Kf7 44. Bc2 e4 45. Rc6 Ne2+ 46. Kg2
Nd4 47. Rc4 Nxc2 48. Rxc2 Rd3 49. Rc4 Rxa3 50. Rxe4 Rb3 51. h4 h5 52. Kf1 Rb2
53. Ke1 Kf6 54. Kd1 Rxf2 55. Rf4+ Rxf4 56. gxf4 Ke6 57. Ke2 Kd5 58. Ke3 1-0

[Event "67. BEM 2013"]
[Site "Dortmund"]
[Date "2013.02.18"]
[Round "1.5"]
[White "Duschek, Günter"]
[Black "Morawietz, Manuel"]
[Result "0-1"]
[WhiteElo "1488"]
[BlackElo "1935"]
[PlyCount "72"]
[EventDate "2013.??.??"]
[Source "SG Dortmund"]
[SourceDate "2004.12.16"]

1. d4 e6 2. Nf3 Nf6 3. g3 d5 4. Bg2 Be7 5. O-O O-O 6. c3 c5 7. Bg5 Nbd7 8. Nbd2
h6 9. Bxf6 Nxf6 10. Re1 Bd7 11. e4 dxe4 12. Nxe4 Nxe4 13. Rxe4 Bc6 14. Re2 Qc7
15. Ne5 Bxg2 16. Kxg2 Rfd8 17. Qa4 cxd4 18. cxd4 Bf6 19. Rae1 Qb6 20. Nd7 Qxd4
21. Nxf6+ Qxf6 22. Qb4 Rd7 23. Re3 Rad8 24. Rf3 Qd4 25. Qb3 b6 26. Ree3 Qd5 27.
Qa3 Qb7 28. Kg1 Rd1+ 29. Kg2 a5 30. Kh3 Qa6 31. Qe7 R8d7 32. Qa3 Qf1+ 33. Kg4
R1d4+ 34. Rf4 f5+ 35. Kh5 Qh3+ 36. Kg6 Rxf4 0-1

[Event "67. BEM 2013"]
[Site "Dortmund"]
[Date "2013.02.18"]
[Round "1.6"]
[White "Begna, Bozidar"]
[Black "Benke, Werner"]
[Result "1-0"]
[WhiteElo "1929"]
[BlackElo "1457"]
[PlyCount "55"]
[EventDate "2013.??.??"]
[Source "SG Dortmund"]
[SourceDate "2004.12.16"]

1. Nf3 Nf6 2. d3 e6 3. e4 d6 4. Nbd2 Nbd7 5. d4 e5 6. c3 c6 7. Bd3 Be7 8. Nc4
Qc7 9. Ne3 O-O 10. Nf5 Re8 11. Nxe7+ Rxe7 12. dxe5 dxe5 13. Be3 h6 14. Nh4 Nf8
15. Qf3 N8h7 16. Bc4 Be6 17. Bxe6 Rxe6 18. Nf5 Kh8 19. O-O-O Qa5 20. Kb1 Qa4
21. Nd6 Kg8 22. Rd2 Ng5 23. Bxg5 hxg5 24. Rhd1 g4 25. Qe3 Re7 26. f3 Rd8 27.
Qg5 Rdd7 28. Nf5 1-0

[Event "67. BEM 2013"]
[Site "Dortmund"]
[Date "2013.02.18"]
[Round "1.7"]
[White "Grawe, Herbert"]
[Black "Gennat, Egon L"]
[Result "0-1"]
[WhiteElo "1450"]
[BlackElo "1455"]
[PlyCount "74"]
[EventDate "2013.??.??"]
[Source "SG Dortmund"]
[SourceDate "2004.12.16"]

1. Nc3 d5 2. e4 dxe4 3. Nxe4 Bf5 4. Ng3 Bg6 5. f4 e6 6. Nf3 Nf6 7. d4 Bb4+ 8.
c3 Ba5 9. Bc4 c6 10. O-O O-O 11. Ne5 Nd5 12. f5 exf5 13. Nxf5 Nd7 14. Nxg6 hxg6
15. Nd6 Bc7 16. Ne4 N7b6 17. Bb3 Qh4 18. Ng3 Rae8 19. Bd2 Ne3 20. Qf3 Nxf1 21.
Rxf1 Nd5 22. c4 Nf6 23. Re1 Bxg3 24. hxg3 Qxd4+ 25. Be3 Qxb2 26. Rd1 Qe5 27.
Bd4 Qe4 28. Qc3 Rd8 29. Bc2 Qg4 30. Rd3 Rfe8 31. Bd1 Qe4 32. Kh2 c5 33. Bf3
cxd4 34. Qb3 Ng4+ 35. Bxg4 Qxg4 36. Qxb7 Re1 37. Qb5 f5 0-1

[Event "67. BEM 2013"]
[Site "Dortmund"]
[Date "2013.02.18"]
[Round "1.8"]
[White "Kropp, Andreas"]
[Black "Simon, Stefan"]
[Result "1-0"]
[WhiteElo "1908"]
[BlackElo "1440"]
[PlyCount "65"]
[EventDate "2013.??.??"]
[Source "SG Dortmund"]
[SourceDate "2004.12.16"]

1. d4 d5 2. Nf3 Nf6 3. c4 e6 4. Nc3 Nbd7 5. Bf4 Bb4 6. Qb3 Ba5 7. Rc1 O-O 8.
Bg5 h6 9. Bh4 c6 10. e3 Bc7 11. cxd5 exd5 12. Bd3 Re8 13. O-O Rb8 14. Qc2 b6
15. Nxd5 Bxh2+ 16. Nxh2 cxd5 17. Bb5 Re6 18. Bg3 Ne4 19. Bxb8 Bb7 20. Bxd7 Rg6
21. Bf5 Rxg2+ 22. Kxg2 Qg5+ 23. Bg4 h5 24. f4 Qg6 25. f5 Qg5 26. Bf4 Qh4 27.
Bf3 g5 28. fxg6 Bc8 29. Qxc8+ Kg7 30. Be5+ Kxg6 31. Qg8+ Kf5 32. Qxf7+ Nf6 33.
Bxd5+ 1-0

[Event "67. BEM 2013"]
[Site "Dortmund"]
[Date "2013.02.18"]
[Round "1.9"]
[White "Jentzsch, Werner Wilfried"]
[Black "Zachos, Ingo"]
[Result "0-1"]
[WhiteElo "1393"]
[BlackElo "1884"]
[PlyCount "80"]
[EventDate "2013.??.??"]
[Source "SG Dortmund"]
[SourceDate "2004.12.16"]

1. d4 Nf6 2. Nc3 d6 3. e4 g6 4. Nf3 Bg7 5. Bc4 O-O 6. Bf4 c5 7. dxc5 Qa5 8. O-O
Qxc5 9. Bd3 Nc6 10. Be3 Qa5 11. a3 Bg4 12. b4 Qd8 13. Rb1 Rc8 14. Nb5 a6 15.
Nbd4 Ne5 16. h3 Bxf3 17. Nxf3 Nc4 18. Bxc4 Rxc4 19. e5 dxe5 20. Nxe5 Qxd1 21.
Rfxd1 Rxc2 22. Nd7 Rfc8 23. Nxf6+ Bxf6 24. Rd7 R8c7 25. Rbd1 Kg7 26. Bb6 Rxd7
27. Rxd7 Rc1+ 28. Kh2 Ra1 29. Rxb7 Rxa3 30. Bc5 Ra4 31. b5 axb5 32. Rxb5 Re4
33. Be3 h5 34. Rb7 Be5+ 35. g3 h4 36. Kg2 hxg3 37. Rxe7 gxf2 38. Bxf2 Kf6 39.
Re8 Ra4 40. Bh4+ Rxh4 0-1

[Event "67. BEM 2013"]
[Site "Dortmund"]
[Date "2013.02.18"]
[Round "1.10"]
[White "Schwarz, Ingo"]
[Black "Kesselmeier, Klaus"]
[Result "0-1"]
[WhiteElo "1875"]
[BlackElo "1365"]
[PlyCount "48"]
[EventDate "2013.??.??"]
[Source "SG Dortmund"]
[SourceDate "2004.12.16"]

1. e4 e5 2. Nf3 Nc6 3. d4 exd4 4. Nxd4 Nxd4 5. Qxd4 d6 6. Bc4 Qf6 7. Qd3 Ne7 8.
Nc3 c6 9. Be3 Ng6 10. Bd4 Ne5 11. Bxe5 dxe5 12. Nb5 Bb4+ 13. c3 O-O 14. cxb4
cxb5 15. Bxb5 Be6 16. O-O Rfd8 17. Qe2 Rd4 18. a3 Rad8 19. Rfd1 a6 20. Rxd4
Rxd4 21. Bd3 Qd8 22. Rd1 Bc4 23. Rc1 Bxd3 24. Qg4 Bc4 0-1

[Event "67. BEM 2013"]
[Site "Dortmund"]
[Date "2013.02.18"]
[Round "1.11"]
[White "Winkler, Harald"]
[Black "Schütz, Ralf"]
[Result "0-1"]
[WhiteElo "1323"]
[BlackElo "1848"]
[PlyCount "132"]
[EventDate "2013.??.??"]
[Source "SG Dortmund"]
[SourceDate "2004.12.16"]

1. e4 c5 2. d4 cxd4 3. Qxd4 Nc6 4. Qd1 e6 5. Nf3 Nf6 6. Nc3 Bb4 7. Bg5 Qc7 8.
Bxf6 gxf6 9. Qd3 a6 10. Be2 Ne5 11. Nxe5 Qxe5 12. O-O Bc5 13. Rad1 Rg8 14. a3
Be7 15. b4 Qg5 16. Qf3 Rb8 17. g3 b5 18. Qh5 Qxh5 19. Bxh5 a5 20. Be2 axb4 21.
axb4 Bxb4 22. Nxb5 Rg5 23. Nd4 Re5 24. Bd3 Ra5 25. Rb1 Bd6 26. Rxb8 Bxb8 27.
Rb1 Ba7 28. Nb5 Bc5 29. Nc3 Kd8 30. Kg2 Bd4 31. Ne2 Ba7 32. Rb5 Rxb5 33. Bxb5
Bb7 34. Bd3 Ke7 35. f3 h6 36. h4 d5 37. c3 dxe4 38. Bxe4 Bxe4 39. fxe4 Kd6 40.
Kf3 Kc5 41. Nd4 Bb6 42. Ne2 Kc4 43. Kf4 Kd3 44. Kf3 Bd8 45. g4 Be7 46. Nd4 Kxc3
47. Nc6 Bf8 48. Nd8 Kd4 49. Nxf7 Bg7 50. g5 h5 51. Kf4 Kc5 52. e5 f5 53. g6 Kd4
54. Kg5 Ke3 55. Kxh5 Kf4 56. Ng5 Kxe5 57. Nxe6 Kxe6 58. Kg5 Bf6+ 59. Kh6 f4 60.
g7 Bxg7+ 61. Kxg7 f3 62. h5 f2 63. h6 f1=Q 64. h7 Qf6+ 65. Kg8 Qf7+ 66. Kh8
Qf8# 0-1

[Event "67. BEM 2013"]
[Site "Dortmund"]
[Date "2013.02.18"]
[Round "1.12"]
[White "Hoppe, Dirk"]
[Black "Koch, Detlev"]
[Result "1-0"]
[WhiteElo "1843"]
[BlackElo "1312"]
[PlyCount "55"]
[EventDate "2013.??.??"]
[Source "SG Dortmund"]
[SourceDate "2004.12.16"]

1. e4 c6 2. d4 d5 3. Nc3 dxe4 4. Nxe4 Nf6 5. Nxf6+ exf6 6. Nf3 Bd6 7. Bd3 Qc7
8. Be3 O-O 9. Qd2 Nd7 10. O-O-O c5 11. dxc5 Be5 12. Nxe5 Nxe5 13. Be2 Be6 14.
Kb1 Nc4 15. Bxc4 Bxc4 16. Qb4 Ba6 17. h4 Rad8 18. Qg4 Rxd1+ 19. Rxd1 Rd8 20.
Rxd8+ Qxd8 21. b4 Bb5 22. h5 a6 23. h6 g6 24. Bd4 f5 25. Qf4 Bc6 26. Qe5 f6 27.
Qe6+ Kf8 28. Bxf6 1-0

[Event "67. BEM 2013"]
[Site "Dortmund"]
[Date "2013.02.18"]
[Round "1.13"]
[White "Busse, Siegfried"]
[Black "Sonntag, Joachim"]
[Result "0-1"]
[WhiteElo "1298"]
[BlackElo "1799"]
[PlyCount "111"]
[EventDate "2013.??.??"]
[Source "SG Dortmund"]
[SourceDate "2004.12.16"]

1. e4 c5 2. c4 Nc6 3. Nf3 Nf6 4. Nc3 g6 5. b3 Bg7 6. Rb1 O-O 7. Bb2 d6 8. Be2
e6 9. d3 d5 10. exd5 exd5 11. O-O d4 12. Ne4 Nxe4 13. dxe4 Re8 14. Bd3 Qf6 15.
a3 Bg4 16. Be2 Bd7 17. Bd3 a5 18. Nd2 Ne5 19. Be2 Bh6 20. Nf3 Nc6 21. Qd3 Qe7
22. Bc1 Bxc1 23. Rbxc1 f5 24. e5 Nxe5 25. Nxe5 Qxe5 26. Bf3 Qc7 27. h4 Re7 28.
Qd2 Rae8 29. h5 b5 30. Qg5 Qd6 31. Bd5+ Kh8 32. f4 gxh5 33. Qxh5 Qg6 34. Qxg6
hxg6 35. Rf3 Kg7 36. Rc2 Re3 37. Rb2 Kf6 38. Kf2 g5 39. fxg5+ Kxg5 40. a4 f4
41. g3 fxg3+ 42. Kxg3 Bg4 43. Rxe3 Rxe3+ 44. Kf2 Bd1 45. Kf1 Rxb3 46. Rg2+ Kf4
47. Ke1 Rb1 48. Rf2+ Ke5 49. Ra2 Bxa4+ 50. Kd2 Bb3 51. Ra3 a4 52. Bc6 Rb2+ 53.
Kc1 Rc2+ 54. Kb1 Rxc4 55. Bxb5 Rb4 56. Kc1 0-1

[Event "67. BEM 2013"]
[Site "Dortmund"]
[Date "2013.02.18"]
[Round "1.14"]
[White "Grube, Jörg"]
[Black "Lassek, Harald"]
[Result "1/2-1/2"]
[WhiteElo "1789"]
[BlackElo "1290"]
[PlyCount "46"]
[EventDate "2013.??.??"]
[Source "SG Dortmund"]
[SourceDate "2004.12.16"]

1. e4 e5 2. Nf3 Nc6 3. Bb5 a6 4. Ba4 Nf6 5. O-O b5 6. Bb3 Bc5 7. c3 O-O 8. d4
exd4 9. cxd4 Bb6 10. e5 Ne4 11. Bd5 Nxf2 12. Rxf2 Bb7 13. Ng5 Bxd4 14. Qh5
Bxf2+ 15. Kxf2 h6 16. Bxf7+ Kh8 17. Qg6 Qxg5 18. Bxg5 Nxe5 19. Qh5 Rxf7+ 20.
Kg1 Raf8 21. Nd2 Rf2 22. Nf3 Rxg2+ 23. Kxg2 Bxf3+ 1/2-1/2

[Event "67. BEM 2013"]
[Site "Dortmund"]
[Date "2013.02.18"]
[Round "1.15"]
[White "Wangrin, Stefan A"]
[Black "Schmock, Sven"]
[Result "0-1"]
[WhiteElo "1213"]
[BlackElo "1779"]
[PlyCount "70"]
[EventDate "2013.??.??"]
[Source "SG Dortmund"]
[SourceDate "2004.12.16"]

1. c4 Nf6 2. g3 c6 3. Bg2 e6 4. Nf3 d5 5. Ne5 Bd6 6. d4 Qc7 7. cxd5 exd5 8. e3
Bxe5 9. dxe5 Qxe5 10. O-O Bf5 11. Nd2 Nbd7 12. Nf3 Qe7 13. Nd4 Bg6 14. Bh3 O-O
15. Bf5 Ne4 16. f4 h5 17. Bh3 f5 18. a4 c5 19. Nf3 Ndf6 20. Nh4 Bh7 21. Qb3 c4
22. Qc2 Ng4 23. b3 Qc5 24. Bxg4 fxg4 25. bxc4 Nxg3 26. Qg2 Nxf1 27. Qxf1 Qxc4
28. Ba3 Qxf1+ 29. Rxf1 Rfe8 30. Bc5 b6 31. Bd4 Be4 32. f5 Rac8 33. f6 gxf6 34.
Rxf6 Rf8 35. Rh6 Rc1# 0-1

[Event "67. BEM 2013"]
[Site "Dortmund"]
[Date "2013.02.18"]
[Round "1.17"]
[White "Böckmann, Lieselotte"]
[Black "Schulz-Runge, Michael"]
[Result "0-1"]
[WhiteElo "938"]
[BlackElo "1751"]
[PlyCount "78"]
[EventDate "2013.??.??"]
[Source "SG Dortmund"]
[SourceDate "2004.12.16"]

1. c4 c5 2. g3 Nc6 3. e3 e5 4. Bg2 Nf6 5. Ne2 d6 6. O-O Rb8 7. b3 Bf5 8. Nbc3
Nb4 9. Ba3 Bc2 10. Qc1 Bd3 11. Re1 Nc2 12. Qd1 Nxa3 13. Nc1 Bc2 14. Qe2 Bg6 15.
f3 Nc2 16. Nd3 Nxa1 17. Rxa1 Be7 18. Nf2 O-O 19. g4 h6 20. f4 Qd7 21. f5 Bh7
22. Nd5 Nxd5 23. Bxd5 Kh8 24. Qf3 Bh4 25. Ne4 b5 26. Qh3 Qe7 27. f6 Bxf6 28.
Rf1 Bxe4 29. Bxe4 bxc4 30. bxc4 Rb2 31. a4 Rfb8 32. Qf3 Rxd2 33. g5 Bxg5 34.
Rf2 Rbb2 35. Qf5 g6 36. Qc8+ Kg7 37. Rxd2 Bxe3+ 38. Kf1 Qf6+ 39. Ke2 Qf2+ 0-1

[Event "67. BEM 2013"]
[Site "Dortmund"]
[Date "2013.02.18"]
[Round "1.18"]
[White "Cogan, Leonid"]
[Black "Schmidt, Andreas N"]
[Result "1-0"]
[WhiteElo "1725"]
[BlackElo "915"]
[PlyCount "65"]
[EventDate "2013.??.??"]
[Source "SG Dortmund"]
[SourceDate "2004.12.16"]

1. e4 e5 2. Nf3 Nc6 3. Bb5 Nf6 4. O-O Bd6 5. d4 Nxe4 6. Qe2 Nxd4 7. Nxd4 exd4
8. Qxe4+ Qe7 9. Re1 c6 10. Bd3 Bc5 11. Bd2 d5 12. Qxe7+ Bxe7 13. Bb4 c5 14.
Bxc5 Be6 15. Bxd4 O-O 16. f4 Rae8 17. Bb5 Rc8 18. f5 a6 19. fxe6 axb5 {(=)} 20.
exf7+ Rxf7 21. Nc3 Bg5 22. Re2 Rf4 23. Nxb5 Rc4 24. c3 Bf6 25. Rae1 Bxd4+ 26.
Nxd4 h5 27. Re5 h4 28. Rxd5 Rc8 29. Rd7 Rf6 30. Ree7 Rcf8 31. Rxg7+ Kh8 32.
Rh7+ Kg8 33. Rdg7# 1-0